000 00494nam a2200181Ia 4500
003 GCL
008 140319s9999 xx 000 0 eng d
040 _aGCL /
_cGCL
082 0 4 _a658.4038
_bS P
100 1 _aSTSIR, RALPH M.
245 1 0 _aPRINCIPLES OF INFORMATION SYSTEMS: A MANAGERIAL APPROACH /
_cSTSIR, RALPH M.
260 _a[S.N] :
_bBayd R Fraser ،
_c1992
300 _a701 P
650 0 4 _aINFORMATION
650 0 4 _aINFORMATION SYSTEMS
650 0 4 _aMANAGEMENT
942 _2ddc
_cBK
999 _c23623
_d23623